[Event "Lovegrove Seniors op"]
[Site "San Francisco"]
[Date "2006.04.02"]
[Round "4"]
[White "Salvo, Tab"]
[Black "McCalley, Roderick"]
[Result "1-0"]
[WhiteElo "1736"]
[BlackElo "1817"]
[PlyCount "175"]
[EventDate "2006.04.01"]
[EventType "swiss"]
[EventRounds "4"]
[EventCountry "USA"]
[SourceTitle "EXT 2024"]
[Source "ChessBase"]
[SourceDate "2023.10.10"]
[SourceVersion "1"]
[SourceVersionDate "2023.10.10"]
[SourceQuality "1"]

1. Nf3 d5 2. c4 c6 3. b3 Bg4 4. e3 Nf6 5. Be2 Nbd7 6. Bb2 e6 7. 0-0 Bd6 8. d3 0-0 9. Nbd2 Re8 10. e4 e5 11. h3 Bh5 12. Re1 dxe4 13. dxe4 Nc5 14. Qc2 Qc7 15. b4 Na6 16. a3 c5 17. b5 Nb8 18. g4 Bg6 19. Nh4 Nbd7 20. Nxg6 hxg6 21. Nf3 Nf8 22. Ng5 Ne6 23. Nxe6 Rxe6 24. a4 b6 25. Bc3 Qb7 26. f3 Rd8 27. a5 Bc7 28. axb6 Bxb6 29. Ra2 Qe7 30. Bd2 Nh7 31. Qc1 Red6 32. Be3 Qh4 33. Kg2 f6 34. Rh1 g5 35. Bf2 Qh6 36. Be3 Qh4 37. Rh2 Nf8 38. Bf2 Qh7 39. h4 gxh4 40. Rxh4 Qg6 41. Be3 Ne6 42. Rh5 Nd4 43. Qg1 Nxe2 44. Rxe2 Kf7 45. Bxc5 Bxc5 46. Qxc5 Rd2 47. Rxd2 Rxd2+ 48. Kg3 Rd7 49. Rh8 Qg5 50. Qf8+ Ke6 51. Qe8+ Kd6 52. Qf8+ Ke6 53. Qe8+ Re7 54. Qc8+ Kf7 55. Rf8+ Kg6 56. Qf5+ Qxf5 57. gxf5+ Kh7 58. Rc8 Rb7 59. Rc6 Kh6 60. f4 exf4+ 61. Kxf4 Kh5 62. e5 fxe5+ 63. Kxe5 Kg4 64. Rc5 Kf3 65. Ke6 Ke4 66. f6 gxf6 67. Kxf6 Kd4 68. Rc6 Kc3 69. Ke6 Kb4 70. Kd6 Rh7 71. Ke6 Rb7 72. Kd6 Rh7 73. Rc8 Rb7 74. c5 Rxb5 75. c6 a5 76. c7 a4 77. Rb8 a3 78. c8Q Rxb8 79. Qxb8+ Kc3 80. Qc7+ Kb2 81. Qb6+ Ka1 82. Qd4+ Kb1 83. Qd3+ Kb2 84. Qd2+ Kb1 85. Qd3+ Kb2 86. Qd2+ Kb1 87. Qb4+ Ka2 88. Kd5 1-0